00822nam a22001817a 4500003000400000082001700004100001900021245015500040260003500195300000800230650001700238653000800255942001200263952011500275952011500390952011800505999001700623SGT a616.01bT22S aSHARMA, MONIKA aThe Comparative Study Of The Efficacy Of Ziehl Neelsen Staining Auramine Staining And Gene Xpert ( CBNAAT) for the Daignosis of Pulmonary Tuberculosis aGURUGRAMbSGT UNIVERSITYc2022 a215 aMICROBIOLOGY aPHD 2ddccTH 00102ddc40718MEDICALaFMbFMcREFd2024-06-17l0o616.01 T22SpDT1609r2024-06-17 00:00:00w2024-06-17yTH 00102ddc40718MEDICALaFMbFMcREFd2024-06-17l0o616.01 T22SpDT1610r2024-06-17 00:00:00w2024-06-17yTH 00102ddc4051718MEDICALaFMbFMcREFd2024-06-20l0o616.01 T22SpDT1697r2024-06-20 00:00:00w2024-06-20yTH c26460d26460